000 00291nam a22001337a 4500
008 170216b xxu||||| |||| 00| 0 eng d
020 _a0899703887
041 _aeng
080 _a6
100 _a4
101 _aSHM
245 _aGRAND ROUNDS MEDICAL MALPRACTICE
_cCAMPION
942 _2udc
_cBK
999 _c5668
_d5668